header

Polymers in telecommunication devices (Record no. 37080)

MARC details
000 -LEADER
fixed length control field 01264nam a2200325 a 4500
100 1# - MAIN ENTRY--AUTHOR NAME
Personal name Cross, Graham Harry,
245 10 - TITLE STATEMENT
Title Polymers in telecommunication devices
260 ## - PUBLICATION, DISTRIBUTION, ETC. (IMPRINT)
Place of publication Shawbury, U.K. :
Name of publisher Rapra Technology Ltd.,
Year of publication 2002.
300 ## - PHYSICAL DESCRIPTION
Number of Pages 148 p. :
Other physical details ill.
490 1# - SERIES STATEMENT
Series statement Rapra review report. Report 153,
650 #0 - SUBJECT ADDED ENTRY--TOPICAL TERM
Topical Term Plastics.
Topical Term Communication.
856 40 - ELECTRONIC LOCATION AND ACCESS
Uniform Resource Identifier http://site.ebrary.com/lib/rucke/Doc?id=10236801

No items available.

© 2026 Rongo University
Contact us: librarian | system librarian | Rongo university